Meest gestreamde nummers Pommelien Thijs - Statistieken

Algemene statistieken
  • Deze quiz is 32 keer genomen
  • De gemiddelde score is 10 van 18
Antwoordstatistieken
Hint Antwoord % Correct
47.000.000 Atlas
85%
23.670.000 Erop of eronder
80%
18.400.000 Ongewoon
75%
7.600.000 Zilver
75%
8.500.000 Ben je klaar?
65%
6.000.000 IK MOET GAAN
65%
13.000.000 Het beste moet nog komen
55%
23.900.000 Het midden
55%
8.700.000 Kleine tornado
55%
83.100.000 Nu wij niet meer praten
55%
5.600.000 Tegenwoordige tijd
55%
6.800.000 Medeplichtig
50%
9.100.000 Hou mij vast
45%
7.800.000 Wat een idee
40%
5.000.000 Hypothetisch
35%
5.400.000 Meisjes van honing
35%
13.400.000 Tranen
35%
6.770.000 Droom het donker weg
30%
Geen overeenkomende quizzen gevonden
Scoreverdeling
Procent van Mensen met Elke Score
Percentiel versus Aantal Correcte Antwoorden
Uw Scoregeschiedenis
U heeft deze quiz nog niet genomen